Nagaland: from a district to a state (Record no. 347900)

000 -LEADER
fixed length control field 00450cam a22001337a 4500
008 - FIXED-LENGTH DATA ELEMENTS--GENERAL INFORMATION
fixed length control field 180718b1975 xxu||||| |||| 00| 0 eng d
082 ## - DEWEY DECIMAL CLASSIFICATION NUMBER
Classification number B6x54112 L977
100 ## - MAIN ENTRY--PERSONAL NAME
Personal name Luthra, P.N.
245 ## - TITLE STATEMENT
Title Nagaland: from a district to a state
Statement of responsibility, etc. by P.N. Luthra
260 ## - PUBLICATION, DISTRIBUTION, ETC.
Place of publication, distribution, etc. Shillong
Name of publisher, distributor, etc. Director of Information and Public Relations
Date of publication, distribution, etc. 1975
300 ## - PHYSICAL DESCRIPTION
Extent 120p.
650 ## - SUBJECT ADDED ENTRY--TOPICAL TERM
Topical term or geographic name entry element Nagaland (India) --Politics and government.
650 ## - SUBJECT ADDED ENTRY--TOPICAL TERM
Topical term or geographic name entry element Constitutional law --India --Nagaland
Holdings
Withdrawn status Lost status Damaged status Not for loan Permanent Location Current Location Date acquired Full call number Barcode Date last seen Price effective from Koha item type
        Indian Institute of Public Administration Indian Institute of Public Administration 1993-10-20 B6x54112 L977 50916 2018-07-21 2018-07-21 Book

Powered by Koha